000 00253nam a22001217a 4500
003 OSt
008 250106b |||||||| |||| 00| 0 eng d
041 _aeng
100 _aSoni, PL
_96791
245 _aOrganic Chemistry
260 _bPai & Co
942 _cBK
999 _c18954
_d18954